ADVANCED PRACTICAL CHEMISTRY (Record no. 9288)

MARC details
000 -LEADER
fixed length control field 00563nam a22001817a 4500
003 - CONTROL NUMBER IDENTIFIER
control field SGT
020 ## - INTERNATIONAL STANDARD BOOK NUMBER
International Standard Book Number 97899351405221
082 ## - DEWEY DECIMAL CLASSIFICATION NUMBER
Classification number 540.71
100 ## - MAIN ENTRY--PERSONAL NAME
Personal name SINGH,JAGDAMBA
245 ## - TITLE STATEMENT
Title ADVANCED PRACTICAL CHEMISTRY
250 ## - EDITION STATEMENT
Edition statement 6TH
260 ## - PUBLICATION, DISTRIBUTION, ETC. (IMPRINT)
Place of publication, distribution, etc NEW DELHI
Name of publisher, distributor, etc PRAGTI
Year of Publication 2016
300 ## - PAGE DESCRIPTION
No. of Pages V.P
490 ## - SERIES STATEMENT
Series statement CHEMISTRY
650 ## - SUBJECT ADDED ENTRY--TOPICAL TERM
Topical term or geographic name as entry element PRACTICAL CHEMISTRY
653 ## - KEYWORDS--INDEX TERM
Keyword term LABORATORY APPARATUS AND TECHNIQUES,SEPARATION OF ORGANIC MIXTURES,ADSORPTION,PHASE EQUILIBRIA ,CHEMICAL KINETICS,ANALYSIS OF INSOLUBLE RESIDUE,INORGANIC LABORATORY PREPARATIONS
942 ## - ADDED ENTRY ELEMENTS (KOHA)
Source of classification or shelving scheme Dewey Decimal Classification
Koha item type FPS Books
942 ## - ADDED ENTRY ELEMENTS (KOHA)
-- 2
Holdings
Withdrawn status Lost status Source of classification or shelving scheme Damaged status Not for loan Collection code Home library Current library Shelving location Date acquired Vendor Name Cost, normal purchase price SGTU Bill Number Total Checkouts Full call number Accession No. (Barcode) Date last seen Date last borrowed Bill Date Koha item type
    Dewey Decimal Classification     SCIENCE SGT Science & Social Sciences Library SGT Science & Social Sciences Library Text Book 28/06/2016 AHUJA BOOK 390.00 SGTU 6769 14 540.71 PS1536 12/05/2023 25/04/2023 16/03/2016 FPS Books
    Dewey Decimal Classification   Not For Loan SCIENCE SGT Science & Social Sciences Library SGT Science & Social Sciences Library Reference Book 28/06/2016 AHUJA BOOK 390.00 SGTU 6769   540.71 PS1537 28/06/2016   16/03/2016 FPS Books